[Event "POLFINAL MISTRZOSTW POLSKI JUNIOROW 2016 - D17"]
[Site "Centrum Kongresow i Rekreacji Orle Gniazdo ul. Wrzosowa 28a, Szczyrk"]
[Date "1899-12-30"]
[Round "7.1"]
[White "Pluta, Natalia"]
[Black "Przepiora, Anna"]
[Result "0-1"]
[WhiteTitle "I"]
[BlackTitle "II+"]
[WhiteElo "1664"]
[BlackElo "1359"]

1. c4 e6 2. d4 d5 3. Nc3 Nf6 4. Nf3 Be7 5. e3 O-O 6. Bd3 a6 7. O-O dxc4 8. Bxc4
b5 9. Bd3 Bb7 10. Qc2 Bxf3 11. gxf3 c5 12. dxc5 Nc6 13. a3 Ne5 14. Be2 Bxc5 15.
Nxb5 Qd5 16. e4 Qc6 17. Nc3 Bd4 18. Qa4 Qc5 19. Bf4 Bxc3 20. bxc3 Qxc3 21. Be3
Rfd8 22. Rac1 Qb2 23. Rc2 Qb7 24. Bd4 Ng6 25. Rfc1 Nxe4 26. Bxg7 Nxf2 27. Bf6
Nh3+ 28. Kh1 Rdc8 29. Rxc8+ Rxc8 30. Rxc8+ Qxc8 31. Qc4 Qb8 32. Bf1 Qa8 33. Be2
Nhf4 34. Qxa6 Qb8 35. Qb5 Qc8 36. h4 Nxe2 37. Qxe2 Qc1+ 38. Kh2 Qf4+ 39. Kg1 Qxf6
40. Qe4 Qa1+ 41. Kh2 Qxa3 42. h5 Qd6+ 43. Kh1 Nf4 44. Qa8+ Kg7 45. Qa5 e5 46.
Qc3 Qd1+ 47. Kh2 Qe2+ 48. Kg3 Qg2+ 49. Kh4 Qh2+ 50. Kg5 Qxh5# 0-1

[Event "POLFINAL MISTRZOSTW POLSKI JUNIOROW 2016 - D17"]
[Site "Centrum Kongresow i Rekreacji Orle Gniazdo ul. Wrzosowa 28a, Szczyrk"]
[Date "1899-12-30"]
[Round "7.2"]
[White "Wierzbowska, Aleksandra"]
[Black "Stochnialek, Dominika"]
[Result "0-1"]
[WhiteTitle "I"]
[BlackTitle "I"]
[WhiteElo "1488"]
[BlackElo "1564"]

1. d4 Nf6 2. Bg5 c5 3. Bxf6 exf6 4. d5 g6 5. c4 f5 6. Nc3 d6 7. e3 Bg7 8. Qc2 O-O
9. Bd3 Nd7 10. Nge2 Ne5 11. O-O Bd7 12. Rab1 a5 13. a3 a4 14. Nf4 Nxd3 15. Qxd3
Be5 16. Nh3 Re8 17. Ne2 Rb8 18. f4 Bg7 19. Nc3 Rxe3 20. Qxe3 Bd4 21. Qxd4 cxd4
22. Ne2 Qb6 23. Kh1 Re8 24. Ng3 Qb3 25. Rbc1 d3 26. Rf2 h5 27. Rd2 h4 28. Rc3
Re1+ 29. Ng1 Qa2 30. Rcxd3 hxg3 31. hxg3 Qb1 0-1

[Event "POLFINAL MISTRZOSTW POLSKI JUNIOROW 2016 - D17"]
[Site "Centrum Kongresow i Rekreacji Orle Gniazdo ul. Wrzosowa 28a, Szczyrk"]
[Date "1899-12-30"]
[Round "7.3"]
[White "Trybowska, Barbara"]
[Black "Borkowska, Zuzanna"]
[Result "1/2-1/2"]
[WhiteTitle "I"]
[BlackTitle "I"]
[WhiteElo "1519"]
[BlackElo "1629"]

1. e4 c5 2. Nf3 Nc6 3. d4 cxd4 4. Nxd4 g6 5. Nc3 Bg7 6. Be3 Nf6 7. Bc4 O-O 8. O-O
Nxe4 9. Nxe4 d5 10. Bxd5 Qxd5 11. Nc3 Qd8 12. Nce2 Nxd4 13. Nxd4 e5 14. Nb3 Bf5
15. c3 b6 16. Qc1 Re8 17. Rd1 Qc7 18. Bh6 Rad8 19. Bxg7 Kxg7 20. Qe3 Bc2 21. Rd2
Bxb3 22. axb3 Rxd2 23. Qxd2 Rd8 24. Qe2 Qd6 25. g3 a5 26. Re1 f6 27. h4 Qd2 28.
Kf1 Qxe2+ 29. Kxe2 Kf7 30. Ra1 Ke6 31. Ra4 Kd5 32. b4 axb4 33. Rxb4 Kc5 34. Ra4
Rd7 35. Ra6 f5 36. Ra4 b5 37. Ra8 Kc4 38. Ra3 e4 39. Ra5 Rd6 40. Ra3 h6 41. Ra5
g5 42. b3+ Kc5 43. c4 Rb6 44. Rxb5+ Rxb5 45. cxb5 Kxb5 46. Ke3 1/2-1/2

[Event "POLFINAL MISTRZOSTW POLSKI JUNIOROW 2016 - D17"]
[Site "Centrum Kongresow i Rekreacji Orle Gniazdo ul. Wrzosowa 28a, Szczyrk"]
[Date "1899-12-30"]
[Round "7.4"]
[White "Ziziuk, Martyna"]
[Black "Jurkiewicz, Zuzanna"]
[Result "1/2-1/2"]
[WhiteTitle "I"]
[BlackTitle "I+"]
[WhiteElo "1589"]
[BlackElo "1628"]

1. c4 Nf6 2. d4 c5 3. Nc3 e6 4. Nf3 Be7 5. g3 O-O 6. Bg2 a6 7. O-O d6 8. dxc5 dxc5
9. Ne5 Qc7 10. Nd3 Bd6 11. b3 Nc6 12. e3 b6 13. Bb2 Bb7 14. Qc2 Ne5 15. Nxe5 Bxg2
16. Kxg2 Bxe5 17. e4 Qc6 18. f3 Bd4 19. Ne2 Rad8 20. Bxd4 cxd4 21. Rad1 e5 22.
Nc1 Nd7 23. Nd3 a5 24. a4 f6 25. Rc1 Nc5 26. Rce1 Nxd3 27. Qxd3 Qd6 28. Rc1 Qb4
29. Rf2 g6 30. f4 Kg7 31. f5 g5 32. h3 h5 33. Re2 Rc8 34. Ree1 Rc6 35. Re2 Rfc8
36. Rec2 R6c7 37. Rd1 Kf7 38. Rdc1 Rh8 39. Rd1 h4 40. g4 Rhc8 41. Rdc1 1/2-1/2

[Event "POLFINAL MISTRZOSTW POLSKI JUNIOROW 2016 - D17"]
[Site "Centrum Kongresow i Rekreacji Orle Gniazdo ul. Wrzosowa 28a, Szczyrk"]
[Date "1899-12-30"]
[Round "7.5"]
[White "Winter, Anna"]
[Black "Tkaczyk, Weronika"]
[Result "1-0"]
[WhiteTitle "I"]
[BlackTitle "I"]
[WhiteElo "1403"]
[BlackElo "1574"]

1. e4 e5 2. Nf3 Nc6 3. Bc4 Bc5 4. d3 Nf6 5. c3 d6 6. Bb3 h6 7. Nbd2 Be6 8. Bc2
Ne7 9. h3 c6 10. Nf1 Nd7 11. g4 d5 12. Qe2 dxe4 13. dxe4 Ng6 14. Ng3 Ne7 15. Nf5
Bxf5 16. gxf5 Qc7 17. Be3 Qb6 18. Bxc5 Qxc5 19. O-O-O O-O-O 20. Kb1 g6 21. fxg6
fxg6 22. Rd2 Rhf8 23. Bb3 Rf6 24. Rhd1 Rdf8 25. Rxd7 Rxf3 26. Be6 Rxf2 27. Qd3
Kb8 28. Rd8+ Kc7 29. b4 Qb5 30. Bc4 Qxc4 31. Rd7+ 1-0

[Event "POLFINAL MISTRZOSTW POLSKI JUNIOROW 2016 - D17"]
[Site "Centrum Kongresow i Rekreacji Orle Gniazdo ul. Wrzosowa 28a, Szczyrk"]
[Date "1899-12-30"]
[Round "7.6"]
[White "Godek, Martyna"]
[Black "Kalinowska, Karolina"]
[Result "1/2-1/2"]
[WhiteTitle "I"]
[BlackTitle "I"]
[WhiteElo "1508"]
[BlackElo "1535"]

1. e4 e6 2. d4 d5 3. exd5 exd5 4. Nf3 Bd6 5. c4 Nf6 6. c5 Be7 7. h3 b6 8. Be3 O-O
9. Be2 bxc5 10. dxc5 Na6 11. Qc2 Ne4 12. Bxa6 Bxa6 13. Nbd2 Re8 14. O-O-O Qb8
15. Nxe4 dxe4 16. Ne5 Qb5 17. a4 Qb7 18. c6 Qc8 19. Qxe4 Bd6 20. f4 Qe6 21. Qd5
Bxe5 22. fxe5 Qxe5 23. Qxe5 Rxe5 24. Bxa7 Re4 25. Rd4 Re6 26. b4 Rxc6+ 27. Kb2
Rg6 28. g4 h6 29. Bc5 Bb7 30. Ra1 Bg2 31. Ra3 Rf6 32. Rd7 Re8 33. Re7 Rxe7 34.
Bxe7 Rf3 35. Rxf3 Bxf3 36. a5 Be2 37. Kc3 f6 38. Kd4 Kf7 39. Bd8 c6 40. Bc7 Ke6
41. Kc5 Kd7 42. Bd6 g6 43. Bf8 h5 1/2-1/2

[Event "POLFINAL MISTRZOSTW POLSKI JUNIOROW 2016 - D17"]
[Site "Centrum Kongresow i Rekreacji Orle Gniazdo ul. Wrzosowa 28a, Szczyrk"]
[Date "1899-12-30"]
[Round "7.7"]
[White "Walkowiak, Bogumila"]
[Black "Jakubowska, Urszula"]
[Result "1-0"]
[WhiteTitle "II"]
[BlackTitle "I"]
[WhiteElo "1374"]
[BlackElo "1319"]

1. e4 e6 2. d4 d5 3. exd5 exd5 4. Bd3 Be6 5. Nf3 Be7 6. O-O g5 7. Re1 Nd7 8. c3
g4 9. Ne5 Nxe5 10. Rxe5 Bd6 11. Re1 Qh4 12. g3 Qh5 13. c4 O-O-O 14. c5 Be7 15.
Re5 f5 16. Rxe6 Bf6 17. Bc2 Qf7 18. Bxf5 Kb8 19. Re1 h5 20. Nc3 Ne7 21. Bc2 Nc6
22. Be3 Qg7 23. Ne2 Rhe8 24. Ba4 Qd7 25. Bxc6 Qxc6 26. Nf4 Rh8 27. Ng6 Rhg8 28.
Ne5 Bxe5 29. dxe5 Rge8 30. Bd4 Qg6 31. b4 a6 32. a4 Re6 33. b5 Ka7 34. Qb3 Ka8
35. Rab1 a5 36. Qc3 b6 37. cxb6 cxb6 38. Qc7 Rde8 39. Rbc1 Rb8 40. Rc6 Rb7 41.
Qc8+ Ka7 42. Qxe6 1-0

[Event "POLFINAL MISTRZOSTW POLSKI JUNIOROW 2016 - D17"]
[Site "Centrum Kongresow i Rekreacji Orle Gniazdo ul. Wrzosowa 28a, Szczyrk"]
[Date "1899-12-30"]
[Round "7.8"]
[White "Luka, Agnieszka"]
[Black "Kulec, Gabriela"]
[Result "1/2-1/2"]
[WhiteTitle "II"]
[BlackTitle "II"]
[WhiteElo "1245"]
[BlackElo "1150"]

1. d4 d5 2. c4 e6 3. cxd5 exd5 4. Nc3 Nf6 5. Bg5 Be7 6. e3 Nc6 7. Nf3 O-O 8. a3
b6 9. Bd3 Bb7 10. O-O Ne4 11. Bxe7 Nxc3 12. Bxd8 Nxd1 13. Rfxd1 Raxd8 14. Rac1
Rfe8 15. Bb5 Re6 16. Rc2 a6 17. Bxc6 Rxc6 18. Rxc6 Bxc6 19. Ne5 Rd6 20. h3 f6
21. Nd3 Bb5 22. Nb4 a5 23. Nd3 Bxd3 24. Rxd3 Rc6 25. Rc3 Rxc3 26. bxc3 c5 27.
dxc5 bxc5 28. a4 Kf7 29. Kf1 Ke6 30. Ke2 c4 31. f3 f5 32. f4 h5 33. h4 g6 34.
g3 Kd6 35. Kd2 Ke6 36. Kc2 Kd6 37. Kd2 Ke6 38. Ke2 Kd6 39. Kf2 Kc6 40. Ke2 Kc5
41. Kd2 Kd6 1/2-1/2

[Event "POLFINAL MISTRZOSTW POLSKI JUNIOROW 2016 - D17"]
[Site "Centrum Kongresow i Rekreacji Orle Gniazdo ul. Wrzosowa 28a, Szczyrk"]
[Date "1899-12-30"]
[Round "8.1"]
[White "Pluta, Natalia"]
[Black "Winter, Anna"]
[Result "1-0"]
[WhiteTitle "I"]
[BlackTitle "I"]
[WhiteElo "1664"]
[BlackElo "1403"]

1. c4 e5 2. Nc3 Nc6 3. g3 Nf6 4. Bg2 Bb4 5. e3 O-O 6. Nge2 Re8 7. d3 d5 8. cxd5
Nxd5 9. O-O Nxc3 10. bxc3 Bd6 11. Rb1 h6 12. h3 Bc5 13. d4 exd4 14. cxd4 Bb6 15.
Ba3 Bf5 16. Rb5 Bd7 17. Rh5 Qf6 18. Nf4 Rad8 19. Rd5 Ne7 20. Re5 Nc6 21. Nd5 Qg6
22. Be4 f5 23. Nf4 Qg5 24. Bd5+ Kh8 25. Rxe8+ Rxe8 26. Bf7 Rb8 27. Ng6+ Kh7 28.
Nf8+ Rxf8 29. Bxf8 Qf6 30. Qb3 Na5 31. Bg8+ Kh8 32. Qf7 1-0

[Event "POLFINAL MISTRZOSTW POLSKI JUNIOROW 2016 - D17"]
[Site "Centrum Kongresow i Rekreacji Orle Gniazdo ul. Wrzosowa 28a, Szczyrk"]
[Date "1899-12-30"]
[Round "8.2"]
[White "Stochnialek, Dominika"]
[Black "Ziziuk, Martyna"]
[Result "0-1"]
[WhiteTitle "I"]
[BlackTitle "I"]
[WhiteElo "1564"]
[BlackElo "1589"]

1. e4 e6 2. d4 d5 3. Nc3 Nf6 4. e5 Nfd7 5. f4 a6 6. Nf3 h6 7. Be3 c5 8. Be2 Nc6
9. O-O Qb6 10. Na4 Qa7 11. c4 cxd4 12. Nxd4 Bc5 13. Nxc5 Qxc5 14. Nc2 Qa5 15.
cxd5 exd5 16. Bf3 Ne7 17. b4 Qb5 18. a4 Qc4 19. Qd2 O-O 20. Rfc1 Qc6 21. Nd4 Qg6
22. Ne2 Nb6 23. Qd4 Nc4 24. Bxd5 Nxe3 25. Be4 N3f5 26. Qd3 h5 27. Nd4 Qb6 28.
Rc5 Rd8 29. Nxf5 Rxd3 30. Nxe7+ Kf8 31. Bxd3 Kxe7 32. Rac1 Be6 33. Be4 Rc8 34.
a5 Rxc5 35. Rxc5 Qxb4 36. Rc7+ Kd8 0-1

[Event "POLFINAL MISTRZOSTW POLSKI JUNIOROW 2016 - D17"]
[Site "Centrum Kongresow i Rekreacji Orle Gniazdo ul. Wrzosowa 28a, Szczyrk"]
[Date "1899-12-30"]
[Round "8.3"]
[White "Borkowska, Zuzanna"]
[Black "Wierzbowska, Aleksandra"]
[Result "0-1"]
[WhiteTitle "I"]
[BlackTitle "I"]
[WhiteElo "1629"]
[BlackElo "1488"]

1. e4 c5 2. c3 Nc6 3. d4 cxd4 4. cxd4 Nf6 5. d5 Ne5 6. Nc3 d6 7. f4 Ned7 8. Nf3
g6 9. Bb5 Qb6 10. Qd4 Qxd4 11. Nxd4 Bg7 12. Ne6 fxe6 13. dxe6 a6 14. exd7+ Bxd7
15. Bxd7+ Kxd7 16. h3 Nh5 17. Kf2 Rhf8 18. Kf3 Bxc3 19. bxc3 Nxf4 20. Bxf4 g5
21. g3 gxf4 22. gxf4 Rac8 23. Rac1 Rc4 24. Rhd1 Rfc8 25. Rd3 b5 26. Ke3 b4 27.
Rc2 bxc3 28. Rd4 R4c5 29. Rd5 Rxd5 30. exd5 Rc4 31. a3 Ke8 32. Kf3 h5 33. Kg3
Kf7 34. h4 Kf6 35. Kf3 Kf5 36. Kg3 Ke4 0-1

[Event "POLFINAL MISTRZOSTW POLSKI JUNIOROW 2016 - D17"]
[Site "Centrum Kongresow i Rekreacji Orle Gniazdo ul. Wrzosowa 28a, Szczyrk"]
[Date "1899-12-30"]
[Round "8.4"]
[White "Jurkiewicz, Zuzanna"]
[Black "Trybowska, Barbara"]
[Result "1/2-1/2"]
[WhiteTitle "I+"]
[BlackTitle "I"]
[WhiteElo "1628"]
[BlackElo "1519"]

1. e4 e5 2. Nf3 Nc6 3. Bc4 Bc5 4. c3 d6 5. O-O Nf6 6. d3 h6 7. Bb3 O-O 8. Nbd2
a6 9. Qe2 Be6 10. Bc2 Re8 11. Nb3 Ba7 12. Be3 Bxb3 13. Bxb3 Na5 14. Bxa7 Nxb3
15. axb3 Rxa7 16. Qe3 Ra8 17. Nd2 Nh5 18. g3 Qg5 19. Qxg5 hxg5 20. h3 g6 21. Nf3
f6 22. Rfe1 Ng7 23. d4 Rad8 24. dxe5 dxe5 25. Rad1 Kf7 26. Kf1 Ne6 27. b4 Rh8
28. Kg2 c6 29. b3 Nc7 30. c4 Ne6 31. c5 Nc7 32. Nd2 Nb5 33. Nc4 Ke7 34. f3 Rhf8
35. Kf2 Rh8 36. Kg2 Nd4 37. Rd3 Rhf8 38. Rc1 Rd7 39. Nd6 Nb5 40. Rcd1 Nd4 41.
R1d2 Rfd8 42. f4 gxf4 1/2-1/2

[Event "POLFINAL MISTRZOSTW POLSKI JUNIOROW 2016 - D17"]
[Site "Centrum Kongresow i Rekreacji Orle Gniazdo ul. Wrzosowa 28a, Szczyrk"]
[Date "1899-12-30"]
[Round "8.5"]
[White "Przepiora, Anna"]
[Black "Godek, Martyna"]
[Result "1/2-1/2"]
[WhiteTitle "II+"]
[BlackTitle "I"]
[WhiteElo "1359"]
[BlackElo "1508"]

1. e4 e6 2. d4 d5 3. Nd2 dxe4 4. Nxe4 Nd7 5. Bd3 Ngf6 6. Nxf6+ Nxf6 7. Nf3 c5 8.
O-O cxd4 9. Nxd4 Bc5 10. Nb3 Be7 11. Bg5 O-O 12. c4 b6 13. Qf3 Ba6 14. Rfd1 Qc7
15. Rac1 Bb7 16. Qg3 Qxg3 17. hxg3 h6 18. Bf4 Rfd8 19. c5 bxc5 20. Nxc5 Bd5 21.
b3 Rac8 22. b4 g5 23. Be5 Ng4 24. Bb2 Bxc5 25. Rxc5 Rxc5 26. bxc5 Rc8 27. Be2
h5 28. Bxg4 hxg4 29. Bd4 Rc7 30. Rb1 Bxa2 31. Rb8+ Kh7 32. Rb5 Bd5 33. Be5 Rc8
34. Ra5 a6 35. Rxa6 Rxc5 36. Bd4 Rc4 37. Be3 Kg6 38. Rb6 Kf5 39. Rb5 Kg6 40. Rb6
Ra4 41. Rb8 1/2-1/2

[Event "POLFINAL MISTRZOSTW POLSKI JUNIOROW 2016 - D17"]
[Site "Centrum Kongresow i Rekreacji Orle Gniazdo ul. Wrzosowa 28a, Szczyrk"]
[Date "1899-12-30"]
[Round "8.6"]
[White "Kalinowska, Karolina"]
[Black "Walkowiak, Bogumila"]
[Result "1-0"]
[WhiteTitle "I"]
[BlackTitle "II"]
[WhiteElo "1535"]
[BlackElo "1374"]

1. e4 e5 2. Nf3 Nc6 3. d4 exd4 4. Nxd4 Bc5 5. Be3 Bb6 6. Nf5 Qf6 7. Nc3 Nge7 8.
Bxb6 axb6 9. Ne3 O-O 10. g3 d6 11. Bg2 Be6 12. O-O Qg6 13. Ned5 Bxd5 14. Nxd5
Nxd5 15. Qxd5 Qe6 16. Qxe6 fxe6 17. a3 Nd4 18. e5 d5 19. Rad1 Nf3+ 20. Kh1 c6
21. Bxf3 Rxf3 22. Kg2 Raf8 23. Rd3 Rxd3 24. cxd3 g5 25. f4 gxf4 26. gxf4 Kg7 27.
Kf3 Kf7 28. Rg1 Rg8 29. Rxg8 Kxg8 30. a4 Kg7 31. Kg4 Kg6 32. f5+ exf5+ 33. Kf4
Kf7 34. Kxf5 Ke7 35. h4 c5 36. b3 d4 37. h5 Kf7 38. h6 Ke7 39. e6 Ke8 40. Kf6
Kf8 41. e7+ Ke8 42. Ke6 b5 43. axb5 b6 44. Kd6 1-0

[Event "POLFINAL MISTRZOSTW POLSKI JUNIOROW 2016 - D17"]
[Site "Centrum Kongresow i Rekreacji Orle Gniazdo ul. Wrzosowa 28a, Szczyrk"]
[Date "1899-12-30"]
[Round "8.7"]
[White "Luka, Agnieszka"]
[Black "Pedrak, Paulina"]
[Result "1/2-1/2"]
[WhiteTitle "II"]
[BlackTitle "I"]
[WhiteElo "1245"]
[BlackElo "1546"]

1. d4 d5 2. c4 e6 3. cxd5 exd5 4. Nc3 Nf6 5. Bg5 c6 6. Qc2 Be7 7. e3 Bg4 8. Bd3
Nbd7 9. h3 Bh5 10. Nge2 Bg6 11. O-O Bxd3 12. Qxd3 Nb6 13. b3 h6 14. Bf4 Bd6 15.
Rac1 Bxf4 16. Nxf4 O-O 17. Rc2 Qe7 18. Qd2 Ne4 19. Nxe4 Qxe4 20. Qd3 Qxd3 21.
Nxd3 Nd7 22. Nc5 Nxc5 23. Rxc5 Rfe8 24. Rfc1 Rad8 25. g3 Re6 26. Kg2 Kh8 27. R5c3
Rde8 28. R1c2 Kg8 29. Rd2 Re4 30. Rdd3 R4e6 31. Rd2 Re4 32. Rdd3 R4e6 33. Rd2
Re4 34. Rdd3 R4e6 35. Rd2 Re4 1/2-1/2

[Event "POLFINAL MISTRZOSTW POLSKI JUNIOROW 2016 - D17"]
[Site "Centrum Kongresow i Rekreacji Orle Gniazdo ul. Wrzosowa 28a, Szczyrk"]
[Date "1899-12-30"]
[Round "8.8"]
[White "Kulec, Gabriela"]
[Black "Jakubowska, Urszula"]
[Result "0-1"]
[WhiteTitle "II"]
[BlackTitle "I"]
[WhiteElo "1150"]
[BlackElo "1319"]

1. c4 e5 2. Nc3 Nf6 3. g3 Bb4 4. Bg2 O-O 5. Nf3 Re8 6. d3 e4 7. Ng5 exd3 8. Qxd3
h6 9. Nf3 Qe7 10. e3 Nc6 11. O-O Bxc3 12. Qxc3 Ne4 13. Qb3 Rb8 14. Nd2 Nc5 15.
Qc2 Nb4 16. Qc3 Na4 17. Qb3 Nb6 18. a3 Na6 19. Qb4 Nxb4 0-1

[Event "POLFINAL MISTRZOSTW POLSKI JUNIOROW 2016 - D17"]
[Site "Centrum Kongresow i Rekreacji Orle Gniazdo ul. Wrzosowa 28a, Szczyrk"]
[Date "1899-12-30"]
[Round "9.1"]
[White "Kalinowska, Karolina"]
[Black "Pluta, Natalia"]
[Result "1/2-1/2"]
[WhiteTitle "I"]
[BlackTitle "I"]
[WhiteElo "1535"]
[BlackElo "1664"]

1. e4 c5 2. Nf3 d6 3. d4 cxd4 4. Nxd4 Nf6 5. Nc3 g6 6. f4 Nc6 7. Nxc6 bxc6 8. e5
dxe5 9. Qxd8+ Kxd8 10. fxe5 Nd5 11. Bg5 h6 12. Bh4 Ne3 13. Kd2 Nxf1+ 14. Rhxf1
Ke8 15. Rae1 Ba6 16. Rf3 Bc4 17. Re4 Be6 18. Ra4 Bg7 19. Bg3 Kd7 20. Ne4 Rhd8
21. Nc5+ Ke8+ 22. Ke2 Bf5 23. Rfa3 Bxc2 24. Rxa7 Rab8 25. b3 Rd5 26. Ra8 Bxe5
27. Bxe5 Rxe5+ 28. Kd2 Rd5+ 29. Kc1 Rxc5 30. Rxb8+ Kd7 31. Kd2 Be4 32. g3 f5 33.
Ra7+ Ke6 34. Re8 Rc2+ 35. Ke3 Rxh2 36. Raxe7+ Kd5 37. Re5+ Kd6 38. R8e6+ Kd7 39.
Rxg6 Rxa2 40. g4 Rg2 41. gxf5 Rxg6 42. fxg6 Bxg6 43. Ra5 Kd6 44. Kf4 h5 45. Kg5
Bc2 46. Kxh5 1/2-1/2

[Event "POLFINAL MISTRZOSTW POLSKI JUNIOROW 2016 - D17"]
[Site "Centrum Kongresow i Rekreacji Orle Gniazdo ul. Wrzosowa 28a, Szczyrk"]
[Date "1899-12-30"]
[Round "9.2"]
[White "Trybowska, Barbara"]
[Black "Stochnialek, Dominika"]
[Result "1/2-1/2"]
[WhiteTitle "I"]
[BlackTitle "I"]
[WhiteElo "1519"]
[BlackElo "1564"]

1. e4 c5 2. Nf3 d6 3. d4 cxd4 4. Nxd4 Nf6 5. Nc3 g6 6. Be2 Bg7 7. O-O Nc6 8. Nb3
O-O 9. f4 Qb6+ 10. Kh1 Be6 11. f5 Bd7 12. Bg5 Qd8 13. Nd4 Qa5 14. Nb3 Qd8 15.
Nd4 Qa5 16. Nb3 Qd8 17. Nd4 Qa5 1/2-1/2

[Event "POLFINAL MISTRZOSTW POLSKI JUNIOROW 2016 - D17"]
[Site "Centrum Kongresow i Rekreacji Orle Gniazdo ul. Wrzosowa 28a, Szczyrk"]
[Date "1899-12-30"]
[Round "9.3"]
[White "Ziziuk, Martyna"]
[Black "Wierzbowska, Aleksandra"]
[Result "1/2-1/2"]
[WhiteTitle "I"]
[BlackTitle "I"]
[WhiteElo "1589"]
[BlackElo "1488"]

1. c4 Nf6 2. Nc3 g6 3. Nf3 Bg7 4. d4 d6 5. e4 O-O 6. Be2 e5 7. dxe5 dxe5 8. O-O
c6 9. Bg5 Na6 10. Ne1 h6 11. Be3 Be6 12. f3 Qa5 13. Qa4 Qxa4 14. Nxa4 b6 15. Nc2
Rad8 16. b3 Nh5 17. g3 f5 18. Rad1 Nc7 19. Nc3 f4 20. Bf2 fxg3 21. hxg3 Kh7 22.
Kg2 Bg8 23. Rxd8 Rxd8 24. Rd1 Rxd1 25. Bxd1 Ne6 26. Nb4 Nd8 27. Nc2 Ne6 28. Nb4
Nd8 29. Nc2 Ne6 30. Nb4 Nd8 1/2-1/2

[Event "POLFINAL MISTRZOSTW POLSKI JUNIOROW 2016 - D17"]
[Site "Centrum Kongresow i Rekreacji Orle Gniazdo ul. Wrzosowa 28a, Szczyrk"]
[Date "1899-12-30"]
[Round "9.4"]
[White "Jurkiewicz, Zuzanna"]
[Black "Przepiora, Anna"]
[Result "1-0"]
[WhiteTitle "I+"]
[BlackTitle "II+"]
[WhiteElo "1628"]
[BlackElo "1359"]

1. d4 d5 2. Nc3 Nf6 3. g3 e6 4. Bg2 Be7 5. Nf3 O-O 6. O-O c6 7. Re1 Nbd7 8. Bg5
Ne4 9. Bxe7 Nxc3 10. Bxd8 Nxd1 11. Be7 Re8 12. Ba3 Nxb2 13. Bxb2 Nb6 14. Nd2 Bd7
15. Ba3 e5 16. Rab1 1-0

[Event "POLFINAL MISTRZOSTW POLSKI JUNIOROW 2016 - D17"]
[Site "Centrum Kongresow i Rekreacji Orle Gniazdo ul. Wrzosowa 28a, Szczyrk"]
[Date "1899-12-30"]
[Round "9.5"]
[White "Jakubowska, Urszula"]
[Black "Borkowska, Zuzanna"]
[Result "0-1"]
[WhiteTitle "I"]
[BlackTitle "I"]
[WhiteElo "1319"]
[BlackElo "1629"]

1. Nf3 d5 2. e3 c5 3. b3 Nc6 4. Bb2 Bg4 5. Be2 e6 6. h3 Bh5 7. d4 Nf6 8. Nbd2 Bd6
9. Bb5 O-O 10. Bxc6 bxc6 11. dxc5 Bxc5 12. g4 Bg6 13. Ne5 Qc7 14. Nd3 Be7 15.
Be5 Qb6 16. Qc1 Ne4 17. Ke2 f6 18. Bb2 c5 19. Nf4 Nxd2 20. Nxg6 hxg6 21. Qxd2
Qb5+ 22. Qd3 c4 23. bxc4 dxc4 24. Qxg6 c3+ 25. Kf3 cxb2 26. Rab1 Qc6+ 27. Ke2
Rac8 28. Rhd1 Qxc2+ 29. Qxc2 Rxc2+ 30. Kf3 Ba3 0-1

[Event "POLFINAL MISTRZOSTW POLSKI JUNIOROW 2016 - D17"]
[Site "Centrum Kongresow i Rekreacji Orle Gniazdo ul. Wrzosowa 28a, Szczyrk"]
[Date "1899-12-30"]
[Round "9.6"]
[White "Tkaczyk, Weronika"]
[Black "Pedrak, Paulina"]
[Result "0-1"]
[WhiteTitle "I"]
[BlackTitle "I"]
[WhiteElo "1574"]
[BlackElo "1546"]

1. e4 c5 2. Nf3 e6 3. d4 cxd4 4. Nxd4 a6 5. Nc3 Qc7 6. Be3 Bb4 7. Qd2 Nf6 8. f3
d5 9. Bd3 e5 10. Nde2 d4 11. Nxd4 exd4 12. Bxd4 Nbd7 13. O-O Bc5 14. Bxc5 Qxc5+
15. Kh1 Ne5 16. Rad1 Be6 17. Ne2 O-O 18. a3 Rad8 19. Qc1 Nxd3 20. cxd3 Qxc1 21.
Nxc1 Nd7 22. d4 Bc4 23. Rfe1 Nb6 24. b3 Be6 25. Rd2 Rc8 26. d5 Bd7 27. Ne2 Rfe8
28. Nf4 Rc3 29. Rd3 Rec8 30. h4 Bb5 31. Rxc3 Rxc3 32. a4 Be8 33. Rb1 h6 34. h5
Nd7 35. Kg1 Nc5 36. b4 Nxa4 37. d6 f6 38. Nd5 Rc4 39. Kf2 Kf7 40. Ke3 Rc6 41.
g4 Rxd6 42. Rb3 Bc6 43. Nf4 Nb6 44. Rc3 Nd7 45. Nd3 Bb5 46. Nf4 Rc6 47. Rb3 Ne5
48. Nd5 Bc4 49. Rb2 Bxd5 50. exd5 Rc3+ 51. Ke4 Rc4+ 52. Ke3 Ke7 53. b5 Rxg4 54.
d6+ Kd7 55. bxa6 Nc4+ 56. Kf2 Nxb2 57. fxg4 bxa6 0-1

[Event "POLFINAL MISTRZOSTW POLSKI JUNIOROW 2016 - D17"]
[Site "Centrum Kongresow i Rekreacji Orle Gniazdo ul. Wrzosowa 28a, Szczyrk"]
[Date "1899-12-30"]
[Round "9.7"]
[White "Godek, Martyna"]
[Black "Luka, Agnieszka"]
[Result "1-0"]
[WhiteTitle "I"]
[BlackTitle "II"]
[WhiteElo "1508"]
[BlackElo "1245"]

1. e4 d6 2. Nc3 Nf6 3. h3 g6 4. f4 e5 5. d3 exf4 6. Bxf4 Bg7 7. Be2 Nc6 8. Nf3
Be6 9. Qd2 Qe7 10. Bh6 Bxh6 11. Qxh6 a6 12. a3 Nd7 13. d4 Nb6 14. d5 Ne5 15. Nxe5
dxe5 16. dxe6 Qxe6 17. O-O-O Nd7 18. Bg4 Qc6 19. Rxd7 Qxd7 20. Bxd7+ Kxd7 21.
Rd1+ 1-0

[Event "POLFINAL MISTRZOSTW POLSKI JUNIOROW 2016 - D17"]
[Site "Centrum Kongresow i Rekreacji Orle Gniazdo ul. Wrzosowa 28a, Szczyrk"]
[Date "1899-12-30"]
[Round "9.8"]
[White "Winter, Anna"]
[Black "Kulec, Gabriela"]
[Result "1-0"]
[WhiteTitle "I"]
[BlackTitle "II"]
[WhiteElo "1403"]
[BlackElo "1150"]

1. e4 e5 2. Nf3 Nc6 3. Bc4 Nf6 4. Ng5 h6 5. Nxf7 Qe7 6. Nxh8 d5 7. Bxd5 Nxd5 8.
exd5 g5 9. Qh5+ Kd8 10. dxc6 bxc6 11. Qf7 Qxf7 12. Nxf7+ Ke7 13. Nxe5 Bg7 14.
d4 Bxe5 15. dxe5 Bf5 16. c3 Ke6 17. O-O Kxe5 18. Re1+ 1-0